Statistics for Countries Producing the Most Strawberries (2012)

Click here to take the quiz!

General Stats

  • This quiz has been taken 375 times
  • The average score is 15 of 20

Answer Stats

Tonnes x 1000Country% Correct
1367United States
99%
55France
95%
290Spain
93%
156Germany
92%
360Mexico
90%
41Italy
88%
96United Kingdom
88%
174Russia
86%
150Poland
82%
60Ukraine
76%
353Turkey
74%
185Japan
73%
50Netherlands
71%
41Belgium
68%
45Chile
59%
192South Korea
56%
242Egypt
53%
61Colombia
48%
140Morocco
46%
47Belarus
44%

Score Distribution

Percentile by Number Answered

Percent of People with Each Score

Your Score History

You have not taken this quiz